000 00624nam a2200181Ia 4500
008 100920s9999 xx 000 0 und d
082 _b66746
_a--- थ 92
100 _aअनु. पेठे सुहास सदाशिव./ मित्तल महेन्द्र
245 _aकालचक्र.
260 _bशब्दसन्मान प्रकाशन, पुणे.
_c1992
300 _a130
_bसाधी
365 _b60
520 _aकादंबरी.
630 _aकालचक्र.
650 _aकादंबरी.
730 _aकालचक्र.
942 _cBOOK
999 _c709310
_d709307